03652cam a22005174a 4500999001500000001000600015003000900021005001700030008004100047020001800088020001500106040002800121082001800149245006700167250001300234260003500247300004700282490002500329500002000354650002700374650001800401700002400419942001200443952013100455952013400586952011600720952011600836952011600952952011601068952011601184952013401300952011601434952011701550952013501667952011701802952011701919952013202036952013202168952011702300952011702417952011702534952011702651952011702768952013202885952011703017 c5005d500511932BD-DhUAP20230620131258.0201126s2007 maua b 001 0 eng  a9780071260930 a0071260935 aDLCcDLCdBD-DhUAPbeng 223a615.1 BAS00aBasic & clinical pharmacology /cedited by Bertram G. Katzung. a10th ed. aBoston :bMcGraw Hill,cc2007. axiv, 1179 pages :billustrations ;c26 cm. aa LANGE medical book aIncludes index. 0aClinical pharmacology. 0aPharmacology.1 aKatzung, Bertram G. 2ddccBK 00102ddc4070aUAPCLbUAPCLcGeneral Stacksd2020-11-26l1o615.1 BASp3010011932r2026-02-01s2026-02-01t1w2020-11-26yBK 00102ddc4070aUAPCLbUAPCLcGeneral Stacksd2020-11-26l3m2o615.1 BASp3010010284r2023-10-22s2023-08-20t2w2020-11-26yBK 00102ddc4070aUAPCLbUAPCLcGeneral Stacksd2020-11-26o615.1 BASp3010011939r2020-11-26t3w2020-11-26yBK 00102ddc4070aUAPCLbUAPCLcGeneral Stacksd2020-11-26o615.1 BASp3010010285r2020-11-26t4w2020-11-26yBK 00102ddc4070aUAPCLbUAPCLcGeneral Stacksd2020-11-26o615.1 BASp3010011929r2020-11-26t5w2020-11-26yBK 00102ddc4070aUAPCLbUAPCLcGeneral Stacksd2020-11-26o615.1 BASp3010011936r2020-11-26t6w2020-11-26yBK 00102ddc4070aUAPCLbUAPCLcGeneral Stacksd2020-11-26o615.1 BASp3010011928r2020-11-26t7w2020-11-26yBK 00102ddc4070aUAPCLbUAPCLcGeneral Stacksd2020-11-26l2m4o615.1 BASp3010011934r2025-02-02s2024-11-21t8w2020-11-26yBK 00102ddc4070aUAPCLbUAPCLcGeneral Stacksd2020-11-26o615.1 BASp3010011930r2020-11-26t9w2020-11-26yBK 00102ddc4070aUAPCLbUAPCLcGeneral Stacksd2020-11-26o615.1 BASp3010011938r2020-11-26t10w2020-11-26yBK 00102ddc4070aUAPCLbUAPCLcGeneral Stacksd2020-11-26l7m4o615.1 BASp3010011933r2026-02-15s2026-01-27t11w2020-11-26yBK 00102ddc4070aUAPCLbUAPCLcGeneral Stacksd2020-11-26o615.1 BASp3010011926r2020-11-26t12w2020-11-26yBK 00102ddc4070aUAPCLbUAPCLcGeneral Stacksd2020-11-29o615.1 BASp3010011927r2020-11-29t13w2020-11-29yBK 00102ddc4070aUAPCLbUAPCLcGeneral Stacksd2020-11-29l2o615.1 BASp3010011931r2023-08-30s2023-08-24t14w2020-11-29yBK 00102ddc4070aUAPCLbUAPCLcGeneral Stacksd2021-01-23l2o615.1 BASp3010011940r2023-09-19s2023-07-26t15w2021-01-23yBK 00102ddc4070aUAPCLbUAPCLcReserve Stacksd2021-01-23o615.1 BASp3010011441r2021-01-24t16w2021-01-23yBK 00102ddc4070aUAPCLbUAPCLcReserve Stacksd2021-01-23o615.1 BASp3010011438r2021-01-24t17w2021-01-23yBK 00102ddc4070aUAPCLbUAPCLcReserve Stacksd2021-01-23o615.1 BASp3010011440r2021-01-24t18w2021-01-23yBK 00102ddc4070aUAPCLbUAPCLcReserve Stacksd2021-01-25o615.1 BASp3010011437r2021-01-25t19w2021-01-25yBK 00102ddc4070aUAPCLbUAPCLcReserve Stacksd2021-01-25o615.1 BASp3010011439r2021-01-27t20w2021-01-25yBK 00102ddc4070aUAPCLbUAPCLcGeneral Stacksd2021-01-25l2o615.1 BASp3010011935r2024-02-19s2023-08-13t21w2021-01-25yBK 00102ddc4070aUAPCLbUAPCLcGeneral Stacksd2021-01-31o615.1 BASp3010010286r2021-01-31t22w2021-01-31yBK